Statistiken für Flüsse nach Abflussvolumen

Klicken Sie hier um das Quiz zu spielen!

Allgemein

  • Dieses Quiz wurde 84 mal gespielt
  • Das Durchschnittsergebnis liegt bei 10 aus 25

Antwortstatistiken

Abflussvolumen in m3/sFluss% Korrekt
206'000Amazonas
100%
6'700Donau
93%
18'400Mississippi
82%
8'064Wolga
80%
41'800Kongo
77%
17'100Lena
70%
6'000Niger
70%
15'000Mekong
59%
12'500Ob
59%
7'160Indus
55%
11'400Amur
49%
31'900Jangtsekiang
46%
17'300Paraná
39%
6'430Yukon
35%
10'700Mackenzie
31%
35'000Orinoco
30%
19'600Jenissei
27%
7'500Columbia
7%
10'400Saint Lawrence
7%
6'700Saluen
7%
13'000Irrawaddy
5%
36'500Meghna
4%
9'000Magdalena
3%
11'360Tocatins
1%
7'410Westfluss
1%

Verteilung der Resultate

Perzentil nach korrekt beantworteten Fragen

Anzahl Personen mit jedem Resultat

Ihre Resultats-Entwicklung

Sie haben dieses Quiz noch nicht gespielt